| 000 | 00901nac a22001811u 4500 | ||
|---|---|---|---|
| 008 | 121213s1959 le ||||| |||| 001 0 ara d | ||
| 082 |
_a327.47056 _bل ا ك _222 |
||
| 100 |
_aلاكور، والتر _931673 |
||
| 245 |
_aالاتحاد السوفياتي والشرق الأوسط / _cوالتر لاكور ؛ نقله إلى العربية لجنة من الأساتذة الجامعيين. |
||
| 250 | _aط. 1. | ||
| 260 |
_aبيروت : _bالمكتب التجاري للطباعة والتوزيع والنشر، _c1959. |
||
| 300 |
_a382 ص. ؛ _c24 سم. |
||
| 650 |
_aالنزاع العربي الإسرائيلي _931674 |
||
| 651 |
_aالاتحاد السوفيتي _xعلاقات خارجية _zالشرق الأوسط _931675 |
||
| 651 |
_aالشرق الأوسط _xعلاقات خارجية _zالاتحاد السوفيتي _931676 |
||
| 653 | _bAra | ||
| 942 |
_2ddc _cBB _k327.47056 ل ا ك |
||
| 999 |
_c17131 _d17103 |
||